| 000 | 00987cam a2200229 4500 | ||
|---|---|---|---|
| 001 | ABS63864 | ||
| 008 | 000000n2001 000 0 eng u | ||
| 035 | _a(Sirsi) u112066 | ||
| 100 | _aParker, D. | ||
| 245 | _aEasing the affordable burden | ||
| 260 | _c2001 | ||
| 490 |
_aHouseBuilder _v April 2001, 30-31(2) |
||
| 520 | _aDebates the problems associated with rules that force housebuilders to provide affordable housing. Advises housebuilders on how to interpret Circular 6/98 and in particular some sections which clarify the imposition of the housebuilding obligations including when they can be challenged. Warns that any future government would be unlikely to increase public subsidy leading to further demands on developers to provide affordable housing. | ||
| 590 | _aABS | ||
| 650 | _aHOUSE BUILDERS | ||
| 650 | _aPPG3 | ||
| 650 | _aLOCAL PLANNING AUTHORITIES | ||
| 650 | _aDOE CIRCULAR 06/1998 | ||
| 650 | _aCOUNCIL HOUSING | ||
| 690 | _aHOUSING | ||
| 942 | _n0 | ||
| 999 |
_c66739 _d66739 |
||